000 00575nam a22002177a 4500
003 OSt
005 20150126165319.0
008 141218b xxu||||| |||| 00| 0 eng d
040 _cBMC
082 _a882
082 _a887
100 1 _9693
_aAristófanes
245 1 0 _aComedia grecolatina
_b: Las nubes ; Las avispas
_cAristófanes
260 _a[S.l
_bs.n
_c[s.a.]
300 _a120 p.
_c16 cm
490 _aBiblioteca. Letras Universales
500 _aDatos tomados de la cub.
650 2 4 _929714
_aTeatro griego
650 2 4 _929699
_aSátira griega
942 _2ddc
_cBK
999 _c16962
_d16962